000 00601nam a2200229Ia 4500
003 OSt
005 20220923230500.0
006 a|||||r|||| 00| 0
007 ta
008 Pun
024 _a282,452
037 _cTextual
040 _aARTS
_cARTS
_bPun
041 _2Pun
_aPun
082 _aO153,3NAT,NS, M2
100 _aਅਤਰਜੀਤ
245 0 _aਨਵੀਆਂ ਸੋਚਾਂ ਨਵੀਆਂ ਲੀਹਾਂ
260 _c1982
650 _aਪੰਜਾਬੀ ਸਾਹਿਤ
942 _hO153,3NAT,NS, M2
_cTEXL
_2CC
999 _c385165
_d385165